000 00422nam a2200181 i 4500
001 bg
245 0 _aFiziceskaja elektronika.
250 _aVyp. 13.
260 _aL'vov :
_b"Viscaja Skola",
_c1976.
300 _as. 134, nlb. 2 :
_brys.
500 _a[Alf. ros.].
504 _a[Zawiera bibliogr.].
040 _cBPK
041 _apol
080 _a537
942 _cKS
008 s pl f |000 0 pol
999 _c17348
_d17348